Tonkoplenočnyje solnečnyje elementy = Thin film solar cells /

Salvato in:
Dettagli Bibliografici
Autori principali: Chopra, Kasturi Z (Autore), Das, Suhit R (Autore)
Natura: Libro
Lingua:russo
Pubblicazione: Moskva : Mir, 1986
Edizione:1.vyd.
Tags: Aggiungi Tag
Nessun Tag, puoi essere il primo ad aggiungerne!!

MARC

LEADER 00000nam a22000003a 4500
001 stu7632
005 20150617225807.1
008 950331s1986----xxr-----------------rus-d
040 |a STU  |b slo 
041 0 |a rus 
044 |a xxr 
080 |a 539.23 
080 |a 538.975 
080 |a 621.38 
100 1 |a Chopra, Kasturi Z  |4 aut 
245 1 |a Tonkoplenočnyje solnečnyje elementy = Thin film solar cells /  |c [aut.] Chopra,Kasturi Z.; Das,Suhit R 
250 |a 1.vyd. 
260 |a Moskva :  |b Mir,  |c 1986 
300 |a 440 s 
700 1 |a Das, Suhit R  |4 aut 
996 |b E61843  |c E*61843  |l EE05  |s P  |a 0  |w stu7632_0001